Wicekrólowie strzelców mundiali - Statystyki

Ogólne statystyki
  • Ten quiz został rozwiązany 34 razy
  • Średni wynik to 17 z 53
Statystyki odpowiedzi
Rok Reprezentacja Gole Odpowiedź % Poprawnych
2022 Argentyna 7 Lionel Messi
97%
2018 Portugalia 4 Cristiano Ronaldo
91%
2014 Niemcy 5 Thomas Muller
91%
2006 Brazylia 3 Ronaldo
88%
2010 Niemcy 4 Miroslav Klose
81%
2002 Niemcy 5 Miroslav Klose
81%
2018 Belgia 4 Romelu Lukaku
78%
2018 Francja 4 Kylian Mbappe
75%
2018 Francja 4 Antoine Griezmann
56%
1958 Brazylia 6 Pele
56%
2006 Francja 3 Zinedine Zidane
56%
1994 Włochy 5 Roberto Baggio
53%
1974 Polska 5 Andrzej Szarmach
50%
2002 Brazylia 5 Rivaldo
50%
2006 Francja 3 Thierry Henry
50%
2006 Hiszpania 3 David Villa
47%
1986 Argentyna 5 Diego Maradona
47%
2010 Argentyna 4 Gonzalo Higuain
47%
1998 Argentyna 5 Gabriel Batistuta
41%
2006 Niemcy 3 Lukas Podolski
38%
1994 Brazylia 5 Romario
38%
1998 Włochy 5 Christian Vieri
34%
2006 Hiszpania 3 Fernando Torres
31%
2006 Argentyna 3 Hernan Crespo
28%
1994 Niemcy 5 Jurgen Klinsmann
25%
1982 RFN 5 Karl-Heinz Rummenigge
25%
2018 Rosja 4 Denis Czeryszew
22%
1986 Hiszpania 5 Emilio Butragueno
19%
1974 Holandia 5 Johan Neeskens
19%
1994 Szwecja 5 Kennet Andersson
19%
1978 Peru 5 Teofilo Cubillas
19%
1958 RFN 6 Helmut Rahn
16%
1986 Brazylia 5 Careca
13%
1970 Brazylia 7 Jairzinho
13%
2006 Argentyna 3 Maxi Rodriguez
13%
2010 Słowacja 4 Robert Vittek
13%
1962 Brazylia 3 Amarildo
9%
1938 Włochy 5 Silvio Piola
9%
1990 Czechosłowacja 5 Tomas Skuhravy
9%
1962 Czechosłowacja 3 Adolf Scherer
6%
1934 Włochy 4 Angelo Schiavio
6%
1934 Niemcy 4 Edmund Conen
6%
1954 Austria 6 Erich Probst
6%
1938 Węgry 5 Gyorgy Sarosi
6%
1938 Węgry 5 Gyula Zsengeller
6%
1966 RFN 6 Helmut Haller
6%
1954 Szwajcaria 6 Josef Hugi
6%
1930 Urugwaj 5 Jose Pedro Cea
6%
1962 Węgry 3 Lajos Tichy
6%
1954 RFN 6 Max Morlock
6%
1962 Jugosławia 3 Milan Galic
6%
1950 Urugwaj 5 Oscar Miguez
6%
1978 Holandia 5 Rob Rensenbrink
6%
Nie znaleziono quizów pasujących do podanych kryteriów
Rozkład punktacji
Procent ludzi z każdym wynikiem
Percentyl według liczby udzielonych odpowiedzi
Twoja historia wyników
Nie rozwiązałeś tego quizu